عالمی تہز یب کو اسلام کا عطیہ / (Record no. 197195)

MARC details
000 -LEADER
fixed length control field 00679nam a22001937a 4500
005 - DATE AND TIME OF LATEST TRANSACTION
control field 20230817161440.0
010 ## - LCCN (DPL NO)
LC control number UR-12136
020 ## - INTERNATIONAL STANDARD BOOK NUMBER
International Standard Book Number 9789392496950
Terms of availability 275.00
035 ## - SYSTEM CONTROL NUMBER
System control number U-10691
037 ## - SOURCE OF ACQUISITION
Source of stock number/acquisition DBAD/PUB
082 ## - DEWEY DECIMAL CLASSIFICATION NUMBER
Classification number 270
100 ## - MAIN ENTRY--PERSONAL NAME
Personal name انوار الحق تبسم
245 ## - TITLE STATEMENT
Title عالمی تہز یب کو اسلام کا عطیہ /
Statement of responsibility, etc انوار الحق تبسم
246 ## - VARYING FORM OF TITLE
Title proper/short title Aalami Tahzeeb ko Islam ka Atia /
Remainder of title by Anwarul Haque Tabbassum
260 ## - PUBLICATION, DISTRIBUTION, ETC. (IMPRINT)
Place of publication, distribution, etc New Delhi
Name of publisher, distributor, etc Educational Publishing House
Date of publication, distribution, etc 2022 ء
270 ## - ADDRESS
Address H.O. D1/16, Ansari Road, Darya Ganj
City New Delhi
Postal code 110002
300 ## - PHYSICAL DESCRIPTION
Extent 176 ص
Dimensions 22cm(Hb)
942 ## - ADDED ENTRY ELEMENTS (KOHA)
Source of classification or shelving scheme Dewey Decimal Classification
Item type Urdu Bks
Call number suffix ا ن و
Edition
Classification part 270
Holdings
Withdrawn status Lost status Not for loan Collection code Home library Current library Date acquired Source of acquisition Cost, normal purchase price Full call number Barcode Copy number Cost, replacement price Koha item type
      Non-fiction Kadipur Kadipur 17/08/2023 DBAD/PUB 275.00 270 ا ن و U-10691 1 275.00 Urdu Bks

© Delhi Public Library
Hit Counter
free hit counter